Khai thác nghệ thuật âm nhạc truyền thống vào phát triển du lịch tại Đà Nẵng
Cơ sở lý luận và thực tiễn. Thực trạng khai thác nghệ thuật âm nhạc truyền thống vào phát triển du lịch tại Đà Nẵng. Một số giải pháp nhằm khai thác hiệu quả nghệ thuật âm nhạc truyền thống vào phát triển du lịch tại Đà Nẵng....
Αποθηκεύτηκε σε:
| Κύριος συγγραφέας: | |
|---|---|
| Άλλοι συγγραφείς: | |
| Μορφή: | Βιβλίο |
| Γλώσσα: | Vietnamese |
| Έκδοση: |
Đà Nẵng
Đại học Sư phạm, Đại học Đà Nẵng
2013
|
| Θέματα: | |
| Ετικέτες: |
Προσθήκη ετικέτας
Δεν υπάρχουν, Καταχωρήστε ετικέτα πρώτοι!
|
| Thư viện lưu trữ: | Mạng thư viện Đại học Đà Nẵng |
|---|
| LEADER | 01786nam a2200361 4500 | ||
|---|---|---|---|
| 001 | 000019121 | ||
| 003 | 15556 | ||
| 005 | 20140321090322.0 | ||
| 008 | 140317s2013 viesd | ||
| 041 | |a vie | ||
| 072 | |a VNH | ||
| 082 | 1 | 4 | |a 915.975104 |b TĂ-T |
| 100 | 1 | |a Tăng Chánh Tín | |
| 245 | 1 | 0 | |a Khai thác nghệ thuật âm nhạc truyền thống vào phát triển du lịch tại Đà Nẵng |c Tăng Chánh Tín ; Lê Thị Thu Hiền hướng dẫn |k Khóa luận tốt nghiệp |
| 260 | |a Đà Nẵng |b Đại học Sư phạm, Đại học Đà Nẵng |c 2013 | ||
| 300 | |a 76 tr., phụ lục 8 tr. |b Hình mh. |c 29 cm. | ||
| 500 | |a Khóa luận tốt nghiệp đại học. Chuyên ngành: Cử nhân Việt Nam học | ||
| 520 | |a Cơ sở lý luận và thực tiễn. Thực trạng khai thác nghệ thuật âm nhạc truyền thống vào phát triển du lịch tại Đà Nẵng. Một số giải pháp nhằm khai thác hiệu quả nghệ thuật âm nhạc truyền thống vào phát triển du lịch tại Đà Nẵng. | ||
| 650 | 0 | 4 | |a Du lịch |v Khóa luận tốt nghiệp |x Âm nhạc truyền thống |z Đà Nẵng |
| 653 | |a Khoa Lịch sử | ||
| 653 | |a Âm nhạc truyền thống | ||
| 653 | |a Du lịch | ||
| 700 | 1 | |a Lê Thị Thu Hiền |e Hướng dẫn | |
| OWN | |a LSP | ||
| AVA | |a UDN50 |b LSP |d 915.975104 TĂ-T |e available |t Error 5001 Not defined in file expand_doc_bib_avail. |f 1 |g 0 |h N |i 0 |k 1 | ||
| 999 | |a From the UDN01 | ||
| AVA | |a UDN50 |b LSP |d 915.975104 TĂ-T |e available |t Error 5001 Not defined in file expand_doc_bib_avail. |f 1 |g 0 |h N |i 0 |k 1 | ||
| TYP | |a Monograph | ||
| TYP | |a Printed language | ||
| 980 | |a Mạng thư viện Đại học Đà Nẵng | ||